Diagnosis of the Brazilian crisis
Saved in:
| Main Author: | |
|---|---|
| Other Authors: | |
| Format: | Book |
| Language: | English Portuguese |
| Published: |
Berkeley :
University of California Press,
1965.
|
| Subjects: | |
| Tags: |
Add Tag
No Tags, Be the first to tag this record!
|
MARC
| LEADER | 00000cam a2200000 a 4500 | ||
|---|---|---|---|
| 001 | 1/114062 | ||
| 008 | 170523s1965####cau| ||| |||| ||eng|| | ||
| 040 | |a GR-MyUa |b gre |c GR-MyUa |e AACR2 | ||
| 041 | 1 | |a eng |h por | |
| 082 | 7 | |a 330.981 |2 (23) | |
| 100 | 1 | |a Furtado, Celso. | |
| 245 | 1 | 0 | |a Diagnosis of the Brazilian crisis / |c by Celso Furtado ; translated by Suzette Macedo. |
| 260 | |a Berkeley : |b University of California Press, |c 1965. | ||
| 300 | |a xxiv, 168 σ. ; |c 23 εκ. | ||
| 500 | |a Μετάφραση του: Dialética do desenvolvimento. | ||
| 651 | 0 | |a Brazil |x Economic conditions. | |
| 651 | 0 | |a Brazil |x Social conditions. | |
| 700 | 1 | |a Macedo, Suzette, |e trlf | |
| 852 | |a INST |b LESVOS |e 20170523 |h 330.981 FUR |p 005100059265 |q 005100059265 |t BK |y 0 | ||
| 970 | |a Τζαφέρη |b Ευαγγελία |z 23-05-2017 | ||